000 00396nam a22001457a 4500
003 OSt
082 _a631.587
_bRAB/SP
088 _a592
100 _aRABEEA ASSAINAR K K
_95513
245 _aSPATIO-TEMPORAL GROUNDWATER DROUGHT ASSESSMENT BASED ON ANN MODEL AND GIS FOR A SUB-BASIN OF BHARATHAPUZHA
260 _aTAVANUR
_c2023
300 _a150
700 _aASHA JOSEPH (GUIDE)
942 _cTH
999 _c17731
_d17731